Stochastic Methods in Economics and Finance

Saved in:
Bibliographic Details
Main Author: Malliaris, A.G
Other Authors: Brock, W.A
Format: Book
Language:English
Published: Amsterdam Elsevier 1995
Edition:7. ed.
Series:Advanced Textbooks in Economics Vol. 17
Subjects:
Tags: Add Tag
No Tags, Be the first to tag this record!

MARC

LEADER 00000nam a2200000 4500
001 c014257
005 20221205133555.6
020 |a 0-444-86201-3 
041 0 |a eng 
044 |a NL 
245 1 0 |a Stochastic Methods in Economics and Finance  |c A.G. Malliaris, W.A. Brock 
250 |a 7. ed. 
264 1 |a Amsterdam  |b Elsevier  |c 1995 
300 |a 303 s. 
490 1 |a Advanced Textbooks in Economics  |v Vol. 17 
830 0 |a Advanced Textbooks in Economics  |v Vol. 17 
610 2 0 |a modely matematické 
610 2 0 |a financie 
610 2 0 |a modely analytické ekonometrické 
610 2 0 |a modely ekonomické 
100 1 |a Malliaris, A.G. 
700 1 |a Brock, W.A.